000 01268nam a2200265Ia 4500
003 OSt
005 20250924122027.0
008 191128s2009 ck er 000 p spa d
020 _a9789588471112
037 _aDonación
040 _aCO-JMCR
_cCO-JMCR
_bspa
_dCO-JMCR
_erda
041 _aspa
082 0 4 _aJ-P
_bOBEc
_223
100 1 _aObeso, Candelario,
_d1849-1884
_eautor.
_99433
245 1 0 _aCantos populares de mi tierra /
_bCandelario Obeso ; prólogo y edición Javier Ortiz Cassiani
250 _a1° edición
260 _aBogotá :
_bAlcaldía Mayor de Bogotá,
_c2009.
300 _a78 páginas ;
_c17 cm.
490 0 _aLibro al viento
505 _aLo palomos -- La oberiencia filiá -- Canción der boga ausente -- Cuento a mi ejposa -- Canto de montará -- Er boga chaclatán -- Epropiacion re uno corigos -- Epresión re mi amitá -- Serenata -- Arió -- Lucha i conquijta -- Canción del pajcaró
520 _aConstituye una forma de reconocimiento a la actividad intelectual de Candelario Obeso. Un hombre que en su corta vida procuró con esfuerzo y talento edificarse un espacio en el panorama literario nacional.
650 2 4 _aPoesía colombiana
_99434
_2JMCR
700 _aOrtiz Cassiani, Javier,
_eprologuista
_99435
942 _2ddc
_cBK
999 _c4087
_d4087